01600nam a2200301 a 450000100100000000500170001000800410002704000250006808200240009310000280011724501270014525000110027226000630028330000340034649000260038050400320040659000260043865000300046465000540049483000330054891000390058195201370062095201370075795201370089495201220103195201280115399900170128100002715920200930030636.0110330s1997 dr ab 000 0 spa d aDO-SdBNPbspacBNPHU a929.92bM433b, 19971 aMatos G., Ramiro93853313aLa bandera y el escudo dominicano :bescudos heráldicos y otras banderas que han tremolado en la isla /cRamiro Matos G. a2a ed. aSanto Domingo :bUniversidad Tecnológica del Sur,c1997. a401 p. :bil., mapa ;c23 cm.1 aColección UTESURv1 aBibliografía : p. 387-390 aInventariado, 2020/YL 4aEscudos nacionales954219 4aBanderaszRepública DominicanaxHistoria954220 0aColección UTESURv1954221 aValidado. Control de calidad BNPHU 001054708DSaGRbGRcHDd2011-03-31iLF1l0o929.92 M433b, 1997p27159-30r2020-06-25te. 3w2020-06-25yLFDSZPréstamo en sala 001054708DSaGRbGRcHDd2011-03-31iLF1l0o929.92 M433b, 1997p27159-40r2020-06-25te. 4w2020-06-25yLFDSZPréstamo en sala 001054708DSaGRbGRcHDd2011-03-31iLF1l0o929.92 M433b, 1997p27159-50r2020-06-25te. 5w2020-06-25yLFDSZPréstamo en sala 0010718PDaPDbPDcHDd2011-03-30iLF1l0o929.92 M433b, 1997p27159-10r2020-06-25w2020-06-25yLFPDZNo se presta 0010718PDaPDbPDcHDd2011-03-30iLF1l0o929.92 M433b, 1997p27159-20r2020-06-25te. 2w2020-06-25yLFPDZNo se presta c26651d26651